Медико-биологические и педагогические основы адаптации, спортивной деятельности и здорового образа жизни (Запись № 10498312)
[ простой вид ]
| 000 -МАРКЕР | |
|---|---|
| контрольное поле | 02979nam0a2200409 i 4500 |
| 001 - ИДЕНТИФИКАТОР ЗАПИСИ | |
| контрольное поле | RU\NLR\BIBL_A\010879715 |
| 005 - ИДЕНТИФИКАТОР ВЕРСИИ | |
| контрольное поле | 20250703065134.0 |
| 010 ## - МЕЖДУНАРОДНЫЙ СТАНДАРТНЫЙ НОМЕР КНИГИ (ISBN) | |
| Номер (ISBN) | 9785444606377 |
| Тираж | 1000 |
| 021 ## - НОМЕР ГОСУДАРСТВЕННОЙ РЕГИСТРАЦИИ | |
| Код страны | Российская Федерация |
| Номер | 2015-77960 |
| Номер Листа государственной регистраци | 4716 |
| 035 ## - ДРУГИЕ СИСТЕМНЫЕ НОМЕРА | |
| Идентификатор записи | (NLR Aleph) 010879715 |
| 100 ## - ДАННЫЕ ОБЩЕЙ ОБРАБОТКИ | |
| Данные общей обработки | 20151102d2015 k y0rusy50 ca |
| 101 0# - ЯЗЫК РЕСУРСА | |
| Язык текста, звукозаписи и т.д. | русский |
| 102 ## - СТРАНА ПУБЛИКАЦИИ ИЛИ ПРОИЗВОДСТВА | |
| Страна публикации | Российская Федерация |
| 105 ## - ПОЛЕ КОДИРОВАННЫХ ДАННЫХ: ТЕКСТОВЫЕ МАТЕРИАЛЫ, МОНОГРАФИЧЕСКИЕ | |
| Кодированные данные о монографическом текстовом документе | a|||z|||100yy |
| 200 1# - ЗАГЛАВИЕ И СВЕДЕНИЯ ОБ ОТВЕТСТВЕННОСТИ | |
| Основное заглавие | Медико-биологические и педагогические основы адаптации, спортивной деятельности и здорового образа жизни |
| Сведения, относящиеся к заглавию | сборник научных статей IV всероссийской заочной научно-практической конференции с международным участием, (29 апреля 2015 г.) |
| Первые сведения об ответственности | [гл. ред.: Бугаев Г. В., Попова И. Е.] |
| 210 ## - ПУБЛИКАЦИЯ, РАСПРОСТРАНЕНИЕ И ДР. | |
| Место издания, распространения и т.д. | Воронеж |
| Имя издателя, распространителя и т. д. | Научная книга |
| Дата издания, распространения и т.д. | 2015 |
| 215 ## - ФИЗИЧЕСКАЯ ХАРАКТЕРИСТИКА | |
| Специфическое обозначение материала и объем | 585 с. |
| Другие сведения о физической характеристике | ил. |
| Размеры | 21 |
| 300 ## - ОБЩИЕ ПРИМЕЧАНИЯ | |
| Текст примечания | В надзаг.: М-во спорта Рос. Федерации, Федер. гос. бюджет. образоват. учреждение высш. проф. образования "Воронеж. гос. ин-т физ. культуры", Каф. мед.-биол. дисциплин |
| 320 ## - ПРИМЕЧАНИЯ О НАЛИЧИИ В ДОКУМЕНТЕ БИБЛИОГРАФИИ / УКАЗАТЕЛЯ | |
| Текст примечания | Библиогр. в конце ст. |
| 606 ## - НАИМЕНОВАНИЕ ТЕМЫ КАК ПРЕДМЕТ | |
| Наименование темы | Здоровье |
| Формальный подзаголовок | Съезды, совещания и т.п |
| Тематический подзаголовок | Влияние физической культуры и спорта |
| Системный номер авторитетной/нормативной записи | 1188761 |
| Идентификатор авторитетной/нормативной записи | RU\NLR\AUTH\66479459 |
| 606 1# - НАИМЕНОВАНИЕ ТЕМЫ КАК ПРЕДМЕТ | |
| Наименование темы | Организм |
| Формальный подзаголовок | Съезды, совещания и т.п |
| Тематический подзаголовок | Адаптация |
| Системный номер авторитетной/нормативной записи | 2438307 |
| Идентификатор авторитетной/нормативной записи | RU\NLR\AUTH\661450756 |
| 606 1# - НАИМЕНОВАНИЕ ТЕМЫ КАК ПРЕДМЕТ | |
| Наименование темы | Физическая культура и спорт для лиц с ограниченными возможностями здоровья |
| Формальный подзаголовок | Съезды, совещания и т.п |
| Системный номер авторитетной/нормативной записи | 2277834 |
| Идентификатор авторитетной/нормативной записи | RU\NLR\AUTH\6601593352 |
| 606 ## - НАИМЕНОВАНИЕ ТЕМЫ КАК ПРЕДМЕТ | |
| Наименование темы | Воспитание здорового образа жизни |
| Формальный подзаголовок | Съезды, совещания и т.п |
| Системный номер авторитетной/нормативной записи | 2490284 |
| Идентификатор авторитетной/нормативной записи | RU\NLR\AUTH\661477679 |
| 675 ## - УНИВЕРСАЛЬНАЯ ДЕСЯТИЧНАЯ КЛАССИФИКАЦИЯ (UDC/УДК) | |
| Индекс | 796/799 |
| 686 1# - ИНДЕКСЫ ДРУГИХ КЛАССИФИКАЦИЙ | |
| Индекс | Р124.61я431(2) |
| 686 1# - ИНДЕКСЫ ДРУГИХ КЛАССИФИКАЦИЙ | |
| Индекс | Р128.94я431(2) |
| 686 1# - ИНДЕКСЫ ДРУГИХ КЛАССИФИКАЦИЙ | |
| Индекс | Р120.4я431(2) |
| 686 1# - ИНДЕКСЫ ДРУГИХ КЛАССИФИКАЦИЙ | |
| Индекс | Р252.5я431(2) |
| 686 1# - ИНДЕКСЫ ДРУГИХ КЛАССИФИКАЦИЙ | |
| Индекс | Ч313.54я431 |
| 686 1# - ИНДЕКСЫ ДРУГИХ КЛАССИФИКАЦИЙ | |
| Индекс | Ч511.1,6(2)4я431 |
| 702 #1 - ИМЯ ЛИЦА - ВТОРИЧНАЯ ОТВЕТСТВЕННОСТЬ | |
| Код отношения | Редактор |
| Графика поля | Кириллица |
| Материалы, к которым относится поле | rus |
| Начальный элемент ввода | Бугаев |
| Часть имени, кроме начального элемента ввода | Г. В. |
| Дополнения к именам, кроме дат | канд. пед. наук |
| Даты | 1960- |
| Расширение инициалов личного имени | Геннадий Васильевич |
| Системный номер авторитетной/нормативной записи | 139745 |
| Идентификатор авторитетной/нормативной записи | RU\NLR\AUTH\770139780 |
| 711 12 - НАИМЕНОВАНИЕ ОРГАНИЗАЦИИ - АЛЬТЕРНАТИВНАЯ ОТВЕТСТВЕННОСТЬ | |
| Начальный элемент ввода | "Медико-биологические и педагогические основы адаптации, спортивной деятельности и здорового образа жизни", всероссийская заочная научно-практическая конференция с международным участием |
| Порядковый номер временной организации и / или порядковый номер ее части | 4 |
| Место проведения временной организации | 2015 |
| Дата проведения временной организации | Воронеж |
| Системный номер авторитетной/нормативной записи | 490589 |
| Идентификатор авторитетной/нормативной записи | RU\NLR\AUTH\880412635 |
| 942 ## - ДОПОЛНИТЕЛЬНЫЕ ЭЛЕМЕНТЫ ЗАПИСИ (АБИС) | |
| Тип экземпляра АБИС | Книга |
| 980 ## - КОЛЛЕКЦИЯ | |
| Название коллекции | НБР |
Нет доступных экземпляров.